Guia 1981 de vacances joves / realització: SIPAJ [Servei d'Informació i Promoció d'Activitats Juvenils] SIPAJ [Servei d'Informació i Promoció d'Activitats Juvenils]
Descripción Física:
209 p. ; 24 cm
MARC
| LEADER | 00000nam a2200000Ia 4500 | ||
|---|---|---|---|
| 001 | 571 | ||
| 008 | 160829s9999 xx 000 0 cat d | ||
| 080 | |a S-1-116 | ||
| 245 | |a Guia 1981 de vacances joves / realització: |b SIPAJ [Servei d'Informació i Promoció d'Activitats Juvenils] | ||
| 260 | |a Barcelona : |b Generalitat de Catalunya. Direcció General de Joventut, dl 1981 | ||
| 300 | |a 209 p. ; |c 24 cm | ||
| 650 | |a LLeure i joventut |x Guies |9 31542 | ||
| 650 | |a Vacances |x Guies |9 31543 | ||
| 700 | |a Catalunya. Direcció General de Joventut |9 31544 | ||
| 700 | |a SIPAJ |9 31545 | ||
| 901 | |a Arxiu | ||
| 942 | |n 1 | ||
| 952 | |0 0 |1 0 |4 0 |6 S1116 |7 1 |9 45662 |a Arxiu |b Arxiu |d 2016-12-01 |l 0 |o S-1-116 |p 571 |r 2016-12-01 00:00:00 |w 2016-12-01 |y ARXIU | ||
| 999 | |c 49162 |d 49162 | ||